| 000 | 00670nam a2200253Ia 4500 | ||
|---|---|---|---|
| 003 | GCL | ||
| 008 | 140319s9999 xx 000 0 eng d | ||
| 040 |
_aGCL / _cGCL |
||
| 082 | 0 | 4 |
_aCC _b726.8932 _bB T |
| 100 | 1 | _aBIERBRIER,MORRIS | |
| 245 | 1 | 0 |
_aTHE TOMB - BUILDERS OF THE PHARAOHS / _cBIERBRIER,MORRIS |
| 250 | _aSECOND | ||
| 260 |
_aالقاهرة : _bTHE AMERICAN UNIVERSITY IN CAIRO PRESS ، _c1992 |
||
| 300 |
_a160 PP ؛ _c24 cm. |
||
| 650 | 0 | 4 | _aTOMBS |
| 650 | 0 | 4 | _aDEIR EL-MEDINA |
| 650 | 0 | 4 | _aEGYPT |
| 650 | 0 | 4 | _aHISTORY |
| 650 | 0 | 4 | _aARCHITECTURE |
| 650 | 0 | 4 | _aEGYPTOLOGY |
| 650 | 0 | 4 | _aPHARAOHS |
| 650 | 0 | 4 | _aEGYPT - HISTORY |
| 942 |
_2ddc _cBK |
||
| 999 |
_c12065 _d12065 |
||